000 01180cab a2200325 4500
001 ABS53132
008 090401t1995 xxu||||| |||| 00| 0 eng d
035 _a(Sirsi) u2301
041 _aeng
100 _aMackmin, D.
245 _aDCF discounted: further implications for the valuation surveyor arising from the over-rented property debate
260 _c1995
350 _a0
490 _aJournal of Property Valuation and Investment
_v13(2) 1995, 5-15(11)
520 _aLooks at some of the market issues surrounding the over-rented property valuation problem and extends the discussion to the valuation of self-financing properties where the market yield exceeds that of long-dated stocks.
650 _aDCF
650 _aDISCOUNTED CASH FLOW
650 _aOPEN MARKET VALUE
650 _aOVER-RENTED PROPERTY
650 _aRATING REVALUATION
650 _aRENTAL GROWTH
650 _aUNIFORM BUSINESS RATE
650 _aVALUATION ISSUES
650 _aVALUATION METHODS
650 _aYIELDS
690 _aPROPERTY-COMMERCIAL PROPERTY-COMMERCIAL PROPERTY FINANCE AND INVESTMENT
690 _aRATING AND VALUATION
942 _n0
948 _c04/03/1997
999 _c1391
_d1391